Statistics for Complete These Band Names (1960's) Missing Word

Click here to take the quiz!

General Stats

  • This quiz has been taken 159 times
  • The average score is 9 of 20

Answer Stats

#Band Name% Correct
20Tyrannosaurus {Rex}
98%
2Herman's {Hermits}
96%
19Sly and The {Family} Stone
92%
11{Martha} Reeves and the Vandellas
82%
18The {Ides} Of March
79%
8Herb Alpert and the {Tijuana} Brass
71%
7Sam The {Sham} and the Pharaohs
59%
6Paul Revere & the {Raiders}
57%
14Kenny Rogers and the First {Edition}
50%
5Dave Dee, Dozy, {Beaky}, Mick and Tich
41%
13The {Left} Banke
33%
9The {Electric} Prunes
32%
15Dick Dale and the {Del} Tones
29%
1B. Bumble and the {Stingers}
26%
12The West {Coast} Pop Art Experimental Band
25%
4The {Blues} Magoos
23%
16Desmond Dekker and the {Aces}
21%
10Captain Beefheart and His {Magic} Band
17%
17Elmer Gantry's {Velvet} Opera
11%
3{Nero} and the Gladiators
6%

Score Distribution

Percentile by Number Answered

Percent of People with Each Score

Your Score History

You have not taken this quiz